Programming Windows: Writing Windows 8 Apps With C# And Xaml (Record no. 38906)

MARC details
000 -LEADER
fixed length control field 00527nam a2200193Ia 4500
008 - FIXED-LENGTH DATA ELEMENTS--GENERAL INFORMATION
fixed length control field 220531s9999 xx 000 0 und d
041 ## - LANGUAGE CODE
Language code of text/sound track or separate title eng
082 ## - DEWEY DECIMAL CLASSIFICATION NUMBER
Classification number -
Item number PET
100 ## - MAIN ENTRY--PERSONAL NAME
Personal name Petzold, C.
9 (RLIN) 69349
245 ## - TITLE STATEMENT
Title Programming Windows: Writing Windows 8 Apps With C# And Xaml
250 ## - EDITION STATEMENT
Edition statement th
260 ## - PUBLICATION, DISTRIBUTION, ETC. (IMPRINT)
Place of publication, distribution, etc. New Delhi
Name of publisher, distributor, etc. Dreamtech
Date of publication, distribution, etc. 2014
300 ## - PHYSICAL DESCRIPTION
Extent 1105
542 ## - INFORMATION RELATING TO COPYRIGHT STATUS
Copyright holder 03-01-2015
551 ## -
-- Computer Science
-- Non-grant-CS
650 ## - SUBJECT ADDED ENTRY--TOPICAL TERM
Topical term or geographic name as entry element Windows Programing
9 (RLIN) 69350
906 ## - LOCAL DATA ELEMENT F, LDF (RLIN)
d 2014-2015
f 3883
Holdings
Withdrawn status Lost status Source of classification or shelving scheme Damaged status Not for loan Collection code Home library Current library Date acquired Vendor Cost, normal purchase price Total Checkouts Total Holds Full call number Barcode Date last seen Bill Date Koha item type Original Barcode
    Dewey Decimal Classification       Shri Siddhivinayak Mahila Mahavidyalaya Shri Siddhivinayak Mahila Mahavidyalaya 03/01/2015 Pritam 799.00   1 -/PET/B/20374 SSMM-BK-20374 06/08/2022 06/08/2022 Books 010020374